01328cam a2200337 i 450000100090000000300090000900500170001800800410003502000180007604000340009408200200012810000530014824501870020125000200038826400460040830000470045433600260050133700280052733800270055549000440058250400520062665000330067865000320071165100100074365300210075365500170077470000400079194200120083199900170084395201300086017083290EG-ScBUE20241210112257.0111214s2012 enkad f b f001 0 eng d a9780199641178 aDLCbengerdacDLCdEG-ScBUE 04a519.55bDUR2221 aDurbin, J.q(James),d1923-2012,eauthor.93819810aTime series analysis by state space methods /cJ. Durbin, London School of Economics and Political Science and University College London, S. J. Koopman, Vrije Universiteit Amsterdam. aSecond edition. 1aOxford :bOxford University Press,c2012. axxi, 346 pages :bcharts, tables ;c25 cm. 2rdacontentatextbtxt 2rdamediaaunmediatedbn 2rdacarrieravolumebnc0 aOxford statistical science series ;v38 aIncludes bibliographical references and index.  7aTime-series analysis.2BUEsh 7aState-space methods.2BUEsh 2BUEsh bBUSECOcJune2015 vReading book1 aKoopman, S. J.q(Siem Jan)eauthor. 2ddccBB c19523d19495 00102ddc40708BaccahaMAINbMAINc1STd2015-06-09ePurchasel1o519.55 DURp000038485r2025-07-15 00:00:00s2017-02-14yBB